UCL Final Man of the Match Winners - Statistics

General Stats
  • This quiz has been taken 2,452 times
    2,434 since last reset
  • The average score is 16 of 21
Answer Stats
Answer % Correct
Cristiano Ronaldo
98%
Lionel Messi
97%
Gareth Bale
93%
Sergio Ramos
88%
Didier Drogba
87%
Oliver Kahn
85%
Andres Iniesta
83%
Steven Gerrard
83%
Arjen Robben
82%
Kingsley Coman
81%
Virgil van Dijk
77%
N'Golo Kante
75%
Xavi
75%
Zinedine Zidane
73%
Samuel Eto'o
69%
Diego Milito
66%
Paolo Maldini
64%
Deco
55%
Angel Di Maria
54%
Edwin van der Sar
54%
Filippo Inzaghi
54%
No matching quizzes found
Score Distribution
Percent of People with Each Score
Percentile by Number Answered
Your Score History
You have not taken this quiz since the last reset